Κάδμιο στο πόσιμο νερό υδροψυκτών του Πανεπιστημίου Αιγαίου : μεταπτυχιακή διατριβή

Αποθηκεύτηκε σε:
Λεπτομέρειες βιβλιογραφικής εγγραφής
Κύριος συγγραφέας: Σκλαβούνος, Σωτήριος
Συγγραφή απο Οργανισμό/Αρχή: Πανεπιστήμιο Αιγαίου Σχολή Περιβάλλοντος Τμήμα Περιβάλλοντος Θεοφράστειο Πρόγραμμα Μεταπτυχιακών Σπουδών Περιβαλλοντική και Οικολογική Μηχανική
Άλλοι συγγραφείς: Αγγελίδης, Μιχάλης (Εισηγητής διατριβής)
Μορφή: Thesis Βιβλίο
Γλώσσα:Greek
Δημοσίευση: Μυτιλήνη : Πανεπιστήμιο Αιγαίου, Σχολή Περιβάλλοντος, Τμήμα Περιβάλλοντος, 2005
Θέματα:
Ετικέτες: Προσθήκη ετικέτας
Δεν υπάρχουν, Καταχωρήστε ετικέτα πρώτοι!

MARC

LEADER 00000cam a2200000 i 4500
001 1/23048
008 060127s2005 gre d
035 |l 10082316 
040 |a GR-MY-UA  |b gre  |e aacr 
041 0 |a gre 
082 0 |a 628.1  |2 (22) 
100 1 |a Σκλαβούνος, Σωτήριος. 
245 1 0 |a Κάδμιο στο πόσιμο νερό υδροψυκτών του Πανεπιστημίου Αιγαίου :  |b μεταπτυχιακή διατριβή /  |c Σκλαβούνος Σωτήριος ; υπεύθυνος καθηγητής Αγγελίδης Μιχάλης 
260 |a Μυτιλήνη :   |b Πανεπιστήμιο Αιγαίου, Σχολή Περιβάλλοντος, Τμήμα Περιβάλλοντος,   |c 2005 
300 |a 94 σ.;  |b πιν., εικ.;  |c 30 εκ. 
502 |a Διατριβή (μεταπτυχιακή) – Πανεπιστήμιο Αιγαίου, Λέσβος, 2003. 
504 |a Βιβλιογραφία: σ. 69-75 
650 0 0 |a Water quality. 
650 0 0 |a Drinking water  |x Contamination. 
650 0 0 |a Dissertations, Academic  |z Greece. 
700 1 |a Αγγελίδης, Μιχάλης.  |4 ths 
710 2 |a Πανεπιστήμιο Αιγαίου  |b Σχολή Περιβάλλοντος  |b Τμήμα Περιβάλλοντος  |b Θεοφράστειο Πρόγραμμα Μεταπτυχιακών Σπουδών Περιβαλλοντική και Οικολογική Μηχανική. 
852 |a INST  |b LESVOS  |c DIATR  |e 20060127  |h 37  |p 005100034470  |q 005100034470  |t MTXE  |y 23 
852 |a INST  |b LESVOS  |c DIATR  |e 20060127  |h 38  |p 005100034451  |q 005100034451  |t MTXE  |y 23 
901 |a BIBL1-2006-1 
909 |a Λ  |b 124305 
909 |a Λ  |b 124304 
924 |a ΣΚΛΑΒΟΥΝΟΣ  |b ΣΩΤΗΡΙΟΣ  |y ΛΕΣΒΟΣ  |z 2005-10 
970 |a ΜΑΡΙΝΑΤΟΥ  |b ΜΥΡΣΙΝΗ  |z 2006/01/26